00738nam a2200229Ia 450000500170000000800410001702000180005804000180007604100080009408200220010210000210012424500890014525000120023426000440024630000310029065000440032165000220036565000550038765000250044270000230046770000180049020251211095904.0210716s2012 xx 000 0 und d a9788131764633 cAIMIT LIBRARY aeng a005.762 21bTANP aTan, Pang- Ning. aIntroduction to data mining /cBy Pang- Ning Tan, Michael Steinbach and Vipin Kumar. a1st ed. aNew Delhi :bPearson Education ,c2012. axxi, 769p. ;c22.5 cm.bPB aAssociation analysis: advanced concepts aAnomaly detection aBasic concepts decision trees and model evaluation aAssociation analysis aSteinbach, Michel. aKumar, Vipin.